Production & inventory management / (Record no. 33492)

000 -LEADER
fixed length control field 01550pam a2200385 a 4500
001 - CONTROL NUMBER
control field 1998263
003 - CONTROL NUMBER IDENTIFIER
control field OSt
005 - DATE AND TIME OF LATEST TRANSACTION
control field 20211130113012.0
008 - FIXED-LENGTH DATA ELEMENTS--GENERAL INFORMATION
fixed length control field 900424s1991 ohua b 001 0 eng
010 ## - LIBRARY OF CONGRESS CONTROL NUMBER
LC control number 90036159
020 ## - INTERNATIONAL STANDARD BOOK NUMBER
International Standard Book Number 0538074612
Terms of availability $35.00
038 ## - RECORD CONTENT LICENSOR
Staff Name Khadija
040 ## - CATALOGING SOURCE
Original cataloging agency DLC
Transcribing agency DLC
Modifying agency DLC
050 00 - LIBRARY OF CONGRESS CALL NUMBER
Classification number TS176
Item number .F64 1991
082 00 - DEWEY DECIMAL CLASSIFICATION NUMBER
Classification number 658.5
Edition number 20
Author Mark FOQ
100 1# - MAIN ENTRY--PERSONAL NAME
Personal name Fogarty, Donald W.
9 (RLIN) 85302
245 10 - TITLE STATEMENT
Title Production & inventory management /
Statement of responsibility, etc. Donald W. Fogarty, John H. Blackstone, Jr., Thomas R. Hoffmann.
250 ## - EDITION STATEMENT
Edition statement 2nd ed.
260 ## - PUBLICATION, DISTRIBUTION, ETC.
Place of publication, distribution, etc. Cincinnati, OH :
Name of publisher, distributor, etc. South-Western Pub. Co.,
Date of publication, distribution, etc. c1991.
300 ## - PHYSICAL DESCRIPTION
Extent x, 870 p. :
Other physical details ill. ;
Dimensions 24 cm.
500 ## - GENERAL NOTE
General note Rev. ed. of: Production and inventory management. c1983.
500 ## - GENERAL NOTE
General note "Published in conjunction with the American Production & Inventory Control Society."
504 ## - BIBLIOGRAPHY, ETC. NOTE
Bibliography, etc. note Includes bibliographical references and indexes.
563 ## - BINDING INFORMATION
Binding note HB
650 #0 - SUBJECT ADDED ENTRY--TOPICAL TERM
Topical term or geographic name entry element Production planning.
9 (RLIN) 85303
650 #0 - SUBJECT ADDED ENTRY--TOPICAL TERM
Topical term or geographic name entry element Inventory control.
9 (RLIN) 85304
700 1# - ADDED ENTRY--PERSONAL NAME
Personal name Blackstone, John H.,
Dates associated with a name 1948-
9 (RLIN) 85305
700 1# - ADDED ENTRY--PERSONAL NAME
Personal name Hoffmann, Thomas Russell,
Dates associated with a name 1933-
9 (RLIN) 85306
700 1# - ADDED ENTRY--PERSONAL NAME
Personal name Fogarty, Donald W.
Title of a work Production and inventory management.
9 (RLIN) 85307
740 0# - ADDED ENTRY--UNCONTROLLED RELATED/ANALYTICAL TITLE
Uncontrolled related/analytical title Production and inventory management.
856 42 - ELECTRONIC LOCATION AND ACCESS
Materials specified Publisher description
Uniform Resource Identifier <a href="http://www.loc.gov/catdir/enhancements/fy1304/90036159-d.html">http://www.loc.gov/catdir/enhancements/fy1304/90036159-d.html</a>
906 ## - LOCAL DATA ELEMENT F, LDF (RLIN)
a 7
b cbc
c orignew
d 1
e ocip
f 19
g y-gencatlg
942 ## - ADDED ENTRY ELEMENTS (KOHA)
Source of classification or shelving scheme
Koha item type Book
Holdings
Withdrawn status Lost status Source of classification or shelving scheme Damaged status Not for loan Permanent Location Current Location Shelving location Date acquired Full call number Barcode Date last seen Price effective from Koha item type
          School of Mechanical & Manufacturing Engineering (SMME) School of Mechanical & Manufacturing Engineering (SMME) General Stacks 05/03/2016 658.5 FOQ SMME-2635 04/05/2018 05/03/2016 Book
© 2023 Central Library, National University of Sciences and Technology. All Rights Reserved.